[Event "Oberwart op"]
[Site "Oberwart"]
[Date "2002.07.07"]
[Round "3"]
[White "Moser, Eva"]
[Black "Shariyazdanov, Andrey"]
[Result "0-1"]
[WhiteElo "2335"]
[BlackElo "2562"]
[PlyCount "62"]
[EventDate "2002.07.05"]
[EventType "swiss"]
[EventRounds "9"]
[EventCountry "AUT"]
[SourceTitle "CBM 089 Extra"]
[Source "ChessBase"]
[SourceDate "2002.09.10"]
[SourceVersion "2"]
[SourceVersionDate "2002.09.10"]
[SourceQuality "1"]

1. e4 c5 2. d3 Nc6 3. g3 g6 4. Bg2 Bg7 5. f4 e6 6. Nf3 Nge7 7. O-O d5 8. c3 O-O
9. Na3 Rb8 10. Nc2 b5 11. Be3 d4 12. cxd4 cxd4 13. Bf2 e5 14. h3 f6 15. Qe2 b4
16. Nd2 Be6 17. b3 Qd7 18. Kh2 Bh6 19. fxe5 fxe5 20. Nc4 Nc8 21. Ne1 Nd6 22.
Nf3 Nxc4 23. dxc4 d3 24. Qb2 Rxf3 25. Bxf3 Bxh3 26. Rh1 d2 27. Bd1 Rf8 28. Bc5
Rf7 29. Rg1 Bf1 30. g4 Bf4+ 31. Kh1 Qd3 0-1

[Event "Oberwart op"]
[Site "Oberwart"]
[Date "2002.07.06"]
[Round "2"]
[White "Kneutgen, Alexander"]
[Black "Moser, Eva"]
[Result "0-1"]
[WhiteElo "2155"]
[BlackElo "2335"]
[PlyCount "152"]
[EventDate "2002.07.05"]
[EventType "swiss"]
[EventRounds "9"]
[EventCountry "AUT"]
[SourceTitle "CBM 089 Extra"]
[Source "ChessBase"]
[SourceDate "2002.09.10"]
[SourceVersion "2"]
[SourceVersionDate "2002.09.10"]
[SourceQuality "1"]

1. e4 c5 2. Nc3 Nc6 3. g3 g6 4. Bg2 Bg7 5. d3 d6 6. f4 Nf6 7. Nf3 O-O 8. O-O
Bg4 9. h3 Bxf3 10. Qxf3 Rb8 11. g4 Nd7 12. Nd5 e6 13. Ne3 b5 14. g5 f6 15. h4
fxg5 16. hxg5 e5 17. Qg4 exf4 18. Nd5 Nde5 19. Qh4 f3 20. Bh3 Nd4 21. Rf2 Ne2+
22. Kh1 h5 23. Bf4 Bh6 24. Bxe5 Bxg5 25. Be6+ Kh7 26. Qh3 dxe5 27. Rxf3 Rxf3
28. Qxf3 Nf4 29. Nxf4 Bxf4 30. Qh3 Rb7 31. Rg1 Qf6 32. Bg4 Rf7 33. Be2 Bh6 34.
Rf1 Qe7 35. b3 Rxf1+ 36. Bxf1 Qf7 37. Kg2 Bd2 38. Be2 Bc3 39. Bf3 Bd4 40. a4
bxa4 41. bxa4 Kh6 42. Qc8 Qf6 43. Qe8 a5 44. c4 Be3 45. Qc8 g5 46. Qf5 Qxf5 47.
exf5 g4 48. Bc6 Kg5 49. Bd7 h4 50. f6 h3+ 51. Kh1 Kh4 52. f7 Bh6 53. Kg1 Kg3
54. Be6 Bf8 55. Bd7 Kh4 56. Be6 Bg7 57. Kf1 Kg3 58. Kg1 Kh4 59. Kf1 g3 60. Bd5
Bh6 61. Be6 Bg7 62. Bd5 Kg5 63. Be6 e4 64. Bxh3 exd3 65. Ke1 Kf4 66. Kd2 Ke4
67. Bg2+ Kd4 68. Bd5 g2 69. Bxg2 Bh6+ 70. Kd1 Kxc4 71. Bh3 Kd4 72. Bg4 c4 73.
Be6 c3 74. Bb3 c2+ 75. Bxc2 dxc2+ 76. Kxc2 Kc4 0-1

[Event "Elekes Memorial GM 27th"]
[Site "Budapest"]
[Date "2002.05.28"]
[Round "11"]
[White "Moser, Eva"]
[Black "Weiss, Christian"]
[Result "1/2-1/2"]
[WhiteElo "2311"]
[BlackElo "2409"]
[PlyCount "48"]
[EventDate "2002.05.18"]
[EventType "tourn"]
[EventRounds "11"]
[EventCountry "HUN"]
[EventCategory "8"]
[SourceTitle "EXT 2003"]
[Source "ChessBase"]
[SourceDate "2002.11.25"]
[SourceVersion "1"]
[SourceVersionDate "2002.11.25"]
[SourceQuality "1"]

1. e4 e5 2. Nf3 Nc6 3. Bc4 Nf6 4. d4 exd4 5. O-O Nxe4 6. Re1 d5 7. Bxd5 Qxd5 8.
Nc3 Qa5 9. Nxe4 Be6 10. Neg5 O-O-O 11. Nxe6 fxe6 12. Rxe6 Bd6 13. Bg5 Rde8 14.
Qe2 Kd7 15. Rxe8 Rxe8 16. Qd3 h6 17. Bd2 Qd5 18. c3 Qe4 19. Qxe4 Rxe4 20. cxd4
Nxd4 21. Nxd4 Rxd4 22. Bc3 Rg4 23. f3 Rg6 24. h4 b5 1/2-1/2

[Event "Elekes Memorial GM 27th"]
[Site "Budapest"]
[Date "2002.05.27"]
[Round "10"]
[White "Fogarasi, Tibor"]
[Black "Moser, Eva"]
[Result "1-0"]
[WhiteElo "2445"]
[BlackElo "2311"]
[PlyCount "57"]
[EventDate "2002.05.18"]
[EventType "tourn"]
[EventRounds "11"]
[EventCountry "HUN"]
[EventCategory "8"]
[SourceTitle "EXT 2003"]
[Source "ChessBase"]
[SourceDate "2002.11.25"]
[SourceVersion "1"]
[SourceVersionDate "2002.11.25"]
[SourceQuality "1"]

1. e4 e6 2. d4 d5 3. Nc3 Bb4 4. e5 c5 5. dxc5 Ne7 6. Nf3 Nbc6 7. Bd3 Ng6 8. O-O
Ngxe5 9. Nxe5 Nxe5 10. Bf4 Bxc3 11. bxc3 Qf6 12. Qd2 Nxd3 13. cxd3 d4 14. cxd4
Qxd4 15. Bd6 Bd7 16. Rab1 Qd5 17. Qb2 O-O-O 18. f3 Rhg8 19. Qa3 Qd4+ 20. Rf2
Qa4 21. Qc3 Bc6 22. Rfb2 g5 23. Rb3 Qxa2 24. Ra1 Qe2 25. Qa5 Rd7 26. Qxa7 Qe3+
27. Kh1 Rxd6 28. Qa8+ Kd7 29. Qxg8 1-0

[Event "Elekes Memorial GM 27th"]
[Site "Budapest"]
[Date "2002.05.26"]
[Round "9"]
[White "Moser, Eva"]
[Black "Rajlich, Vasik G"]
[Result "1-0"]
[WhiteElo "2311"]
[BlackElo "2377"]
[PlyCount "111"]
[EventDate "2002.05.18"]
[EventType "tourn"]
[EventRounds "11"]
[EventCountry "HUN"]
[EventCategory "8"]
[SourceTitle "EXT 2003"]
[Source "ChessBase"]
[SourceDate "2002.11.25"]
[SourceVersion "1"]
[SourceVersionDate "2002.11.25"]
[SourceQuality "1"]

1. e4 c5 2. d3 g6 3. g3 Bg7 4. Bg2 Nc6 5. f4 d6 6. Nf3 Nf6 7. O-O O-O 8. h3 b5
9. a4 b4 10. Nbd2 Ba6 11. Re1 Rc8 12. Rb1 Ne8 13. Nc4 Nc7 14. Kh1 d5 15. exd5
Nxd5 16. Nfe5 Nd4 17. Kh2 Bb7 18. Bd2 Qc7 19. c3 Nf5 20. Qe2 Rfd8 21. a5 Rb8
22. h4 Nf6 23. Bh3 e6 24. cxb4 Nd4 25. Qf2 Nd7 26. Bg4 Nc2 27. Rec1 Nxb4 28.
Bxb4 cxb4 29. Qxa7 Nxe5 30. Nxe5 Qd6 31. Bf3 Bxf3 32. Qxf7+ Kh8 33. Nxf3 Rd7
34. Ne5 Re7 35. Rc6 Qxe5 36. Qxe7 Qe2+ 37. Kh3 Qxd3 38. Rbc1 Qf5+ 39. Kh2 e5
40. Qa7 Rf8 41. Qc5 exf4 42. Qxf5 fxg3+ 43. Kxg3 Rxf5 44. Rc8+ Bf8 45. a6 Rf7
46. R1c7 Rxc7 47. Rxc7 Bd6+ 48. Kf3 Bxc7 49. a7 Bd6 50. a8=Q+ Kg7 51. Qd8 Bf8
52. Qe8 Kg8 53. Ke4 Kg7 54. Kd5 h5 55. Ke4 b3 56. Kd3 1-0

[Event "Elekes Memorial GM 27th"]
[Site "Budapest"]
[Date "2002.05.25"]
[Round "8"]
[White "Almasi, Istvan"]
[Black "Moser, Eva"]
[Result "1/2-1/2"]
[WhiteElo "2437"]
[BlackElo "2311"]
[PlyCount "111"]
[EventDate "2002.05.18"]
[EventType "tourn"]
[EventRounds "11"]
[EventCountry "HUN"]
[EventCategory "8"]
[SourceTitle "EXT 2003"]
[Source "ChessBase"]
[SourceDate "2002.11.25"]
[SourceVersion "1"]
[SourceVersionDate "2002.11.25"]
[SourceQuality "1"]

1. d4 e6 2. Nf3 f5 3. g3 Nf6 4. Bg2 Be7 5. O-O O-O 6. c4 d6 7. Nc3 Qe8 8. b3 a5
9. Bb2 Na6 10. Re1 Qh5 11. e4 Nxe4 12. Nxe4 fxe4 13. Rxe4 Bf6 14. Re3 Nb4 15.
Bc3 Kh8 16. a3 Nc6 17. d5 Bxc3 18. Rxc3 exd5 19. cxd5 Ne7 20. Nd4 Bg4 21. f3
Bc8 22. Rxc7 Nxd5 23. Rcc1 Ne3 24. Qd3 Nxg2 25. Kxg2 Bh3+ 26. Kg1 Rae8 27. b4
Rf7 28. Re1 Rfe7 29. Qd2 Qd5 30. Rxe7 Rxe7 31. Rd1 axb4 32. axb4 h5 33. Ra1 b6
34. Kf2 Kh7 35. Re1 Ra7 36. Qd3+ g6 37. Qc3 Ra2+ 38. Re2 Rxe2+ 39. Nxe2 b5 40.
Nf4 Qa2+ 41. Ne2 Be6 42. Qc7+ Kh6 43. Qb8 Bc4 44. Qh8+ Kg5 45. h4+ Kf5 46. Qe8
Kf6 47. Qf8+ Ke6 48. Qe8+ Kf6 49. g4 hxg4 50. fxg4 Kg7 51. Qe7+ Kg8 52. Qe8+
Kg7 53. Qe7+ Kg8 54. Qe8+ Kg7 55. Qe7+ Kg8 56. Qe8+ 1/2-1/2

[Event "Elekes Memorial GM 27th"]
[Site "Budapest"]
[Date "2002.05.24"]
[Round "7"]
[White "Erenburg, Sergey"]
[Black "Moser, Eva"]
[Result "0-1"]
[WhiteElo "2450"]
[BlackElo "2311"]
[PlyCount "76"]
[EventDate "2002.05.18"]
[EventType "tourn"]
[EventRounds "11"]
[EventCountry "HUN"]
[EventCategory "8"]
[SourceTitle "EXT 2003"]
[Source "ChessBase"]
[SourceDate "2002.11.25"]
[SourceVersion "1"]
[SourceVersionDate "2002.11.25"]
[SourceQuality "1"]

1. e4 c5 2. c3 g6 3. d4 cxd4 4. cxd4 d5 5. e5 Bg7 6. Nc3 f6 7. Bb5+ Bd7 8.
Bxd7+ Qxd7 9. Nf3 Nc6 10. Bf4 fxe5 11. dxe5 e6 12. Nb5 O-O-O 13. O-O Kb8 14.
Nd6 Rf8 15. Bg3 Nge7 16. Ne4 Nf5 17. Nc5 Qe7 18. Rc1 Rc8 19. Qa4 Ka8 20. Nd3 g5
21. Rc3 h5 22. h3 g4 23. hxg4 Nxg3 24. fxg3 hxg4 25. Qxg4 Bh6 26. Nf4 d4 27.
Rd3 Rcg8 28. Qh4 Qh7 29. Rfd1 Qe4 30. Qf6 Rf8 31. Qxe6 Bxf4 32. gxf4 Rxf4 33.
a3 a6 34. b4 Qe2 35. R1d2 Qe4 36. Rd1 Rg4 37. R3d2 Qe3+ 38. Rf2 Rhg8 0-1

[Event "Elekes Memorial GM 27th"]
[Site "Budapest"]
[Date "2002.05.23"]
[Round "6"]
[White "Moser, Eva"]
[Black "Anka, Emil"]
[Result "0-1"]
[WhiteElo "2311"]
[BlackElo "2438"]
[PlyCount "150"]
[EventDate "2002.05.18"]
[EventType "tourn"]
[EventRounds "11"]
[EventCountry "HUN"]
[EventCategory "8"]
[SourceTitle "EXT 2003"]
[Source "ChessBase"]
[SourceDate "2002.11.25"]
[SourceVersion "1"]
[SourceVersionDate "2002.11.25"]
[SourceQuality "1"]

1. g3 c5 2. Bg2 g6 3. e4 Bg7 4. f4 Nc6 5. d3 e6 6. Nf3 Nge7 7. O-O O-O 8. c3 b6
9. Be3 f5 10. exf5 Nxf5 11. Bf2 Bb7 12. Re1 Qc7 13. Na3 Rae8 14. d4 cxd4 15.
Nb5 Qb8 16. Nbxd4 Ncxd4 17. Nxd4 Bxg2 18. Kxg2 Bxd4 19. Bxd4 Qb7+ 20. Kg1 h5
21. Qd3 Kh7 22. Rad1 Rf7 23. Rd2 Rc8 24. c4 Qc6 25. b3 Nxd4 26. Qxd4 Qc5 27.
Qxc5 Rxc5 28. Red1 Rc7 29. Kg2 Kg7 30. Rd6 Kf6 31. a4 Ke7 32. R6d4 Rf5 33. Kf3
Rfc5 34. Rd6 Rb7 35. h3 a6 36. R1d4 b5 37. Rxa6 bxc4 38. bxc4 Rb3+ 39. Kf2 Rc7
40. a5 Rc3 41. Rad6 Ra3 42. a6 Ra7 43. Rd3 Rxd3 44. Rxd3 Rxa6 45. g4 h4 46. Kf3
Ra1 47. f5 gxf5 48. gxf5 Rf1+ 49. Kg4 Rxf5 50. Rd4 d6 51. Kxh4 e5 52. Rg4 Kf6
53. Kg3 Rf1 54. Kg2 Rd1 55. h4 Kf5 56. Rg5+ Kf4 57. Rg6 Rd2+ 58. Kf1 e4 59. h5
Kf5 60. Ke1 Rd3 61. Ke2 Ke5 62. Rg5+ Kf4 63. Rd5 Rh3 64. Rxd6 Rh2+ 65. Kf1 Rxh5
66. Ra6 Kf3 67. Rf6+ Ke3 68. Ra6 Rh1+ 69. Kg2 Rd1 70. c5 Rd2+ 71. Kf1 Rc2 72.
c6 Kf3 73. Kg1 e3 74. Rb6 Rc1+ 75. Kh2 e2 0-1

[Event "Elekes Memorial GM 27th"]
[Site "Budapest"]
[Date "2002.05.22"]
[Round "5"]
[White "Postny, Evgeny"]
[Black "Moser, Eva"]
[Result "1-0"]
[WhiteElo "2482"]
[BlackElo "2311"]
[PlyCount "81"]
[EventDate "2002.05.18"]
[EventType "tourn"]
[EventRounds "11"]
[EventCountry "HUN"]
[EventCategory "8"]
[SourceTitle "EXT 2003"]
[Source "ChessBase"]
[SourceDate "2002.11.25"]
[SourceVersion "1"]
[SourceVersionDate "2002.11.25"]
[SourceQuality "1"]

1. d4 Nf6 2. c4 g6 3. Nc3 Bg7 4. e4 O-O 5. Be3 c6 6. f3 d5 7. e5 Nfd7 8. cxd5
cxd5 9. Nxd5 Qa5+ 10. Nc3 Rd8 11. Qa4 Qxa4 12. Nxa4 Nc6 13. Bc4 Nf8 14. Ne2 Nb4
15. Kf2 Be6 16. Bxe6 Nxe6 17. Rhd1 f6 18. exf6 Bxf6 19. Rd2 Nd5 20. Nac3 Nxe3
21. Kxe3 Bg5+ 22. f4 Nxf4 23. Nxf4 e5 24. g3 exf4+ 25. gxf4 Re8+ 26. Ne4 Bh6
27. d5 Rad8 28. d6 Rf8 29. Rf1 Rf5 30. h4 Kf8 31. Ng5 Re8+ 32. Kf3 Bxg5 33.
hxg5 Rd8 34. Rc1 Ke8 35. Rc7 Rd7 36. Re2+ Kd8 37. Rxd7+ Kxd7 38. Re7+ Kxd6 39.
Rxb7 Ra5 40. a3 Ra4 41. Rxh7 1-0

[Event "Elekes Memorial GM 27th"]
[Site "Budapest"]
[Date "2002.05.21"]
[Round "4"]
[White "Moser, Eva"]
[Black "Koneru, Humpy"]
[Result "0-1"]
[WhiteElo "2311"]
[BlackElo "2486"]
[PlyCount "56"]
[EventDate "2002.05.18"]
[EventType "tourn"]
[EventRounds "11"]
[EventCountry "HUN"]
[EventCategory "8"]
[SourceTitle "EXT 2003"]
[Source "ChessBase"]
[SourceDate "2002.11.25"]
[SourceVersion "1"]
[SourceVersionDate "2002.11.25"]
[SourceQuality "1"]

1. e4 e5 2. f4 Bc5 3. Nf3 d6 4. d4 exd4 5. Bd3 d5 6. e5 Nh6 7. O-O Nc6 8. a3 a5
9. Qe1 Bf5 10. Nbd2 Bxd3 11. cxd3 Nf5 12. Rf2 O-O 13. Nf1 Qd7 14. g4 Ne3 15. h3
Nxf1 16. Kxf1 f5 17. exf6 Rxf6 18. f5 Re8 19. Re2 Rxe2 20. Qxe2 Rf8 21. Ng5 Nd8
22. Bf4 g6 23. Rc1 Bb6 24. f6 Rxf6 25. Qe5 Qd6 26. Kg2 Rxf4 27. Qxd6 cxd6 28.
Rc8 Rf8 0-1

[Event "Elekes Memorial GM 27th"]
[Site "Budapest"]
[Date "2002.05.20"]
[Round "3"]
[White "Lukacs, Peter"]
[Black "Moser, Eva"]
[Result "1-0"]
[WhiteElo "2460"]
[BlackElo "2311"]
[PlyCount "93"]
[EventDate "2002.05.18"]
[EventType "tourn"]
[EventRounds "11"]
[EventCountry "HUN"]
[EventCategory "8"]
[SourceTitle "EXT 2003"]
[Source "ChessBase"]
[SourceDate "2002.11.25"]
[SourceVersion "1"]
[SourceVersionDate "2002.11.25"]
[SourceQuality "1"]

1. d4 e6 2. c4 f5 3. g3 Nf6 4. Bg2 Be7 5. Nf3 d6 6. O-O O-O 7. Nc3 Qe8 8. b3 a5
9. Bb2 Na6 10. e3 c6 11. a3 Rb8 12. Rc1 b5 13. Ba1 Nc7 14. Re1 Bb7 15. Qc2 Qh5
16. Ne2 Rfc8 17. c5 d5 18. Nf4 Qe8 19. Ne5 g5 20. Nfd3 Qh5 21. h3 Rd8 22. f3
Rf8 23. g4 Qh4 24. Rf1 fxg4 25. hxg4 Ra8 26. Bc3 Nce8 27. Qe2 Qh6 28. Bd2 Qg7
29. Bh3 Ra6 30. Rf2 Bd8 31. Rh2 Bc7 32. Be1 Nd7 33. Bg3 Nef6 34. Qe1 Nxe5 35.
Bxe5 Bxe5 36. Nxe5 Nd7 37. Nxd7 Qxd7 38. Qg3 Raa8 39. Bf1 Rf7 40. Rh5 Rg7 41.
Bd3 Rf8 42. Kg2 Rff7 43. Qe5 Qe7 44. Rch1 Bc8 45. R1h3 Bd7 46. Rh6 Bc8 47. Bg6
1-0

[Event "Elekes Memorial GM 27th"]
[Site "Budapest"]
[Date "2002.05.19"]
[Round "2"]
[White "Moser, Eva"]
[Black "Danner, Georg"]
[Result "1/2-1/2"]
[WhiteElo "2311"]
[BlackElo "2407"]
[PlyCount "28"]
[EventDate "2002.05.18"]
[EventType "tourn"]
[EventRounds "11"]
[EventCountry "HUN"]
[EventCategory "8"]
[SourceTitle "EXT 2003"]
[Source "ChessBase"]
[SourceDate "2002.11.25"]
[SourceVersion "1"]
[SourceVersionDate "2002.11.25"]
[SourceQuality "1"]

1. e4 c5 2. d3 Nc6 3. g3 g6 4. Bg2 Bg7 5. f4 d6 6. Nf3 Nf6 7. O-O O-O 8. h3 Ne8
9. c3 b6 10. Na3 Bb7 11. Be3 Qd7 12. Bf2 Rc8 13. Qd2 Nc7 14. Rac1 d5 1/2-1/2

[Event "Elekes Memorial GM 27th"]
[Site "Budapest"]
[Date "2002.05.18"]
[Round "1"]
[White "Horvath, Csaba"]
[Black "Moser, Eva"]
[Result "0-1"]
[WhiteElo "2539"]
[BlackElo "2311"]
[PlyCount "84"]
[EventDate "2002.05.18"]
[EventType "tourn"]
[EventRounds "11"]
[EventCountry "HUN"]
[EventCategory "8"]
[SourceTitle "EXT 2003"]
[Source "ChessBase"]
[SourceDate "2002.11.25"]
[SourceVersion "1"]
[SourceVersionDate "2002.11.25"]
[SourceQuality "1"]

1. d4 e6 2. g3 f5 3. Bg2 Nf6 4. c4 Be7 5. Nc3 O-O 6. c5 c6 7. Bf4 b6 8. b4 a5
9. Na4 bxc5 10. bxc5 Ba6 11. Rb1 d6 12. cxd6 Bxd6 13. Bxd6 Qxd6 14. Nc5 Bc4 15.
Qd2 Nbd7 16. Nxd7 Nxd7 17. Rc1 Bd5 18. Nf3 Rfb8 19. O-O Rb4 20. e3 Rab8 21. Ne1
Bxg2 22. Nxg2 c5 23. Rfd1 cxd4 24. exd4 Nf6 25. Ne3 Ne4 26. Qd3 Rd8 27. Nc4 Qd5
28. a3 Rb7 29. h4 g5 30. Ne3 Qa2 31. Rc2 Qb3 32. hxg5 Qxd3 33. Rxd3 Nxg5 34.
Kg2 Kf7 35. Rc5 a4 36. d5 exd5 37. Nxd5 Ne4 38. Ra5 Rbd7 39. Rd4 Nf6 40. Nxf6
Rxd4 41. Rxf5 Kg6 42. Rf3 h5 0-1

[Event "Mitropa Cup 21st"]
[Site "Leipzig"]
[Date "2002.05.11"]
[Round "9.2"]
[White "Graf, Alexander"]
[Black "Moser, Eva"]
[Result "1/2-1/2"]
[WhiteElo "2623"]
[BlackElo "2311"]
[PlyCount "174"]
[EventDate "2002.05.03"]
[EventType "team-tourn"]
[EventRounds "9"]
[EventCountry "GER"]
[SourceTitle "CBM 089"]
[Source "ChessBase"]
[SourceDate "2002.08.12"]
[SourceVersion "1"]
[SourceVersionDate "2002.08.12"]
[SourceQuality "1"]
[WhiteTeam "Germany"]
[BlackTeam "Austria"]
[WhiteTeamCountry "GER"]
[BlackTeamCountry "AUT"]

1. d4 Nf6 2. c4 g6 3. Nc3 Bg7 4. e4 O-O 5. Be3 c6 6. h3 d5 7. cxd5 cxd5 8. e5
Ne4 9. Bd3 Bf5 10. Bxe4 Bxe4 11. f3 Bf5 12. g4 Bd7 13. f4 Nc6 14. Nf3 Qb6 15.
Qd2 Qa6 16. Kf2 f6 17. Kg3 fxe5 18. fxe5 Rac8 19. Raf1 b5 20. b3 Nb4 21. Rf2
Rc7 22. Rhf1 Rfc8 23. Ne2 Nxa2 24. Bh6 Nc3 25. Nxc3 Rxc3 26. Qg5 Qe6 27. Kg2 b4
28. Nh4 Bb5 29. Ra1 Bxh6 30. Qxh6 Rc2 31. Ra2 Rxa2 32. Rxa2 Bd3 33. Rxa7 Qf7
34. Ra2 Qf1+ 35. Kg3 Be4 36. Ng2 Bxg2 37. Rxg2 Rc3+ 38. Kh2 Qf3 39. Ra2 Qg3+
40. Kh1 Qxh3+ 41. Qxh3 Rxh3+ 42. Kg2 Rxb3 43. Ra5 Rd3 44. Rxd5 Kf7 45. Rd8 Ke6
46. Kf2 b3 47. Rb8 Rxd4 48. Kf3 Kxe5 49. Rxb3 Rf4+ 50. Kg3 Rf8 51. Rb1 e6 52.
Re1+ Kd6 53. Rd1+ Ke7 54. Rh1 Rf7 55. Re1 g5 56. Rh1 Kd6 57. Rd1+ Ke5 58. Re1+
Kf6 59. Rf1+ Kg6 60. Re1 Rf6 61. Re5 h6 62. Re2 Kf7 63. Re1 Ke7 64. Re2 Kd6 65.
Rd2+ Ke5 66. Rd1 Ke4 67. Re1+ Kd5 68. Rd1+ Kc5 69. Re1 Kc4 70. Rc1+ Kd3 71. Re1
Rg6 72. Kf3 Kd4 73. Rd1+ Ke5 74. Re1+ Kd6 75. Rd1+ Ke7 76. Re1 Kf7 77. Kg3 Rf6
78. Re2 Kg6 79. Re1 h5 80. gxh5+ Kxh5 81. Re4 Rg6 82. Re5 Rf6 83. Re4 Kg6 84.
Kg4 Kh6 85. Re5 Rg6 86. Ra5 Rg7 87. Re5 Re7 1/2-1/2

[Event "Mitropa Cup 21st"]
[Site "Leipzig"]
[Date "2002.05.10"]
[Round "8.2"]
[White "Moser, Eva"]
[Black "Sarno, Spartaco"]
[Result "1/2-1/2"]
[WhiteElo "2311"]
[BlackElo "2399"]
[PlyCount "99"]
[EventDate "2002.05.03"]
[EventType "team-tourn"]
[EventRounds "9"]
[EventCountry "GER"]
[SourceTitle "CBM 089"]
[Source "ChessBase"]
[SourceDate "2002.08.12"]
[SourceVersion "1"]
[SourceVersionDate "2002.08.12"]
[SourceQuality "1"]
[WhiteTeam "Austria"]
[BlackTeam "Italy"]
[WhiteTeamCountry "AUT"]
[BlackTeamCountry "ITA"]

1. e4 d6 2. d4 Nf6 3. Nc3 g6 4. Be3 Bg7 5. Qd2 O-O 6. Bh6 Bxh6 7. Qxh6 c5 8.
dxc5 Qa5 9. h4 Qxc5 10. Be2 Be6 11. h5 Nbd7 12. hxg6 fxg6 13. Nf3 Qb6 14. O-O-O
Ne5 15. Nd4 Bf7 16. g4 Nc4 17. Bxc4 Bxc4 18. g5 Nh5 19. Rxh5 Rf7 20. Rh3 e5 21.
Nb3 Qxf2 22. Rxd6 Qf1+ 23. Rd1 Qf4+ 24. Kb1 a5 25. a4 b5 26. Rdh1 bxa4 27. Nxa4
Qxe4 28. Nbc5 Qf5 29. Qh4 Bd5 30. Re1 Rc8 31. Rhe3 Qf4 32. Qxf4 exf4 33. Re8+
Rxe8 34. Rxe8+ Kg7 35. Re2 Rf5 36. Rf2 f3 37. Nd3 Rxg5 38. b3 Rg2 39. c4 Be4
40. Nac5 Rxf2 41. Nxe4 Rf1+ 42. Kc2 Rg1 43. c5 Rg2+ 44. Kc3 Re2 45. Kd4 Kf8 46.
c6 Ke7 47. Ndc5 Kd8 48. Ne6+ Ke7 49. N6c5 Kd8 50. Ne6+ 1/2-1/2

[Event "Mitropa Cup 21st"]
[Site "Leipzig"]
[Date "2002.05.09"]
[Round "7.2"]
[White "Golubovic, Boris"]
[Black "Moser, Eva"]
[Result "1/2-1/2"]
[WhiteElo "2462"]
[BlackElo "2311"]
[PlyCount "124"]
[EventDate "2002.05.03"]
[EventType "team-tourn"]
[EventRounds "9"]
[EventCountry "GER"]
[SourceTitle "CBM 089"]
[Source "ChessBase"]
[SourceDate "2002.08.12"]
[SourceVersion "1"]
[SourceVersionDate "2002.08.12"]
[SourceQuality "1"]
[WhiteTeam "Croatia"]
[BlackTeam "Austria"]
[WhiteTeamCountry "CRO"]
[BlackTeamCountry "AUT"]

1. e4 c5 2. Nf3 Nc6 3. Bb5 g6 4. Bxc6 bxc6 5. O-O Bg7 6. Re1 Nh6 7. c3 O-O 8.
d4 cxd4 9. cxd4 f6 10. Nc3 Nf7 11. b3 Ba6 12. Bb2 d6 13. Qc2 Rc8 14. Rad1 Qa5
15. Na4 Bb5 16. Bc3 Qc7 17. Nb2 Rfe8 18. e5 c5 19. e6 Ng5 20. d5 Nxf3+ 21. gxf3
Rf8 22. Nc4 Qd8 23. Kh1 f5 24. Rg1 Bxc3 25. Qxc3 Rf6 26. f4 Rb8 27. Rb1 Qc7 28.
Ne3 Qb7 29. f3 Be2 30. Rg3 Qb4 31. Qc2 Bb5 32. Nxf5 Kf8 33. Ne3 Qxf4 34. Re1
Qd4 35. Qg2 Qc3 36. Qf2 a5 37. Rg4 Kg8 38. Reg1 Rbf8 39. R1g3 Qc1+ 40. Kg2 Qc3
41. h4 Bd3 42. h5 Kh8 43. hxg6 Bxg6 44. Rc4 Qd3 45. Ng4 Qxd5 46. Nxf6 Rxf6 47.
Qb2 Kg8 48. Re4 Rxe6 49. Rxe6 Qxe6 50. Qd2 Kf7 51. Rg4 Bf5 52. Rg5 h6 53. Rg3
d5 54. Kf2 d4 55. Rg1 a4 56. bxa4 Qd6 57. Rh1 c4 58. Rxh6 Qc5 59. Qg5 d3+ 60.
Qe3 Qd5 61. Qg5 Qc5+ 62. Qe3 Qd5 1/2-1/2

[Event "Mitropa Cup 21st"]
[Site "Leipzig"]
[Date "2002.05.08"]
[Round "6.2"]
[White "Moser, Eva"]
[Black "Berkes, Ferenc"]
[Result "0-1"]
[WhiteElo "2311"]
[BlackElo "2511"]
[PlyCount "76"]
[EventDate "2002.05.03"]
[EventType "team-tourn"]
[EventRounds "9"]
[EventCountry "GER"]
[SourceTitle "CBM 089"]
[Source "ChessBase"]
[SourceDate "2002.08.12"]
[SourceVersion "1"]
[SourceVersionDate "2002.08.12"]
[SourceQuality "1"]
[WhiteTeam "Austria"]
[BlackTeam "Hungary"]
[WhiteTeamCountry "AUT"]
[BlackTeamCountry "HUN"]

1. e4 c6 2. d4 g6 3. Nc3 Bg7 4. h3 d5 5. e5 Nh6 6. Bf4 f6 7. Nf3 Nf7 8. Qd2 O-O
9. O-O-O b5 10. Re1 Na6 11. h4 Nc7 12. Bd3 Ne6 13. exf6 exf6 14. Be3 f5 15. h5
Qf6 16. hxg6 hxg6 17. g3 Rd8 18. Ne2 c5 19. c3 c4 20. Bc2 a5 21. Nf4 Nf8 22.
Ne5 b4 23. g4 bxc3 24. bxc3 Rb8 25. Reg1 Nxe5 26. dxe5 Qf7 27. e6 Nxe6 28. gxf5
Nxf4 29. Bxf4 Bxf5 30. Bxb8 Rxb8 31. Rg5 Bxc2 32. Kxc2 d4 33. cxd4 c3 34. Qxc3
Qxa2+ 35. Kd3 Rb3 36. Rhg1 Rxc3+ 37. Kxc3 Qa3+ 38. Kc4 Qb4+ 0-1

[Event "Mitropa Cup 21st"]
[Site "Leipzig"]
[Date "2002.05.07"]
[Round "5.1"]
[White "Markos, Jan"]
[Black "Moser, Eva"]
[Result "1-0"]
[WhiteElo "2467"]
[BlackElo "2311"]
[PlyCount "121"]
[EventDate "2002.05.03"]
[EventType "team-tourn"]
[EventRounds "9"]
[EventCountry "GER"]
[SourceTitle "CBM 089"]
[Source "ChessBase"]
[SourceDate "2002.08.12"]
[SourceVersion "1"]
[SourceVersionDate "2002.08.12"]
[SourceQuality "1"]
[WhiteTeam "Slovakia"]
[BlackTeam "Austria"]
[WhiteTeamCountry "SVK"]
[BlackTeamCountry "AUT"]

1. d4 f5 2. g3 Nf6 3. Bg2 e6 4. c4 Be7 5. Nf3 d6 6. O-O O-O 7. b3 a5 8. Nc3 Qe8
9. Bb2 Na6 10. Re1 Qh5 11. e4 Nxe4 12. Nxe4 fxe4 13. Rxe4 Bf6 14. h4 Bd7 15.
Ng5 Qxd1+ 16. Rxd1 Bxg5 17. hxg5 Rad8 18. Bc3 b5 19. cxb5 Bxb5 20. Rxe6 a4 21.
Re7 Rf5 22. f4 Kf8 23. Rde1 axb3 24. axb3 Rf7 25. R7e3 c5 26. Bd5 cxd4 27. Bxd4
Rc7 28. Rc3 Rxc3 29. Bxc3 Rc8 30. Rc1 Re8 31. Bd4 Nb4 32. Bf3 Na6 33. Kf2 Rb8
34. Rh1 Bd3 35. Rc1 Bf5 36. Be2 Rb4 37. Be3 Nb8 38. Bc4 Be4 39. Ra1 Rb7 40. Ra7
Rxa7 41. Bxa7 Nc6 42. Ke3 Bg2 43. Bb6 Ke7 44. Kd2 h6 45. gxh6 gxh6 46. Kc3 Kf6
47. Bd3 Ke6 48. b4 h5 49. Bb5 Ne7 50. Kd2 Nd5 51. Bd4 Ne7 52. Be2 Kd5 53. Bf2
h4 54. gxh4 Ke4 55. Be3 Kf5 56. h5 Ng8 57. Bd3+ Kg4 58. Bg6 Ne7 59. Be8 Nf5 60.
Bd7 Bb7 61. h6 1-0